[Event "Rated Blitz game"]
[Site "?"]
[Date "2021.06.22"]
[Round "?"]
[White "jimothylacoste"]
[Black "sech001"]
[Result "1/2-1/2"]
[WhiteElo "2516"]
[BlackElo "2336"]
[PlyCount "109"]
[EventDate "2021.??.??"]
[EventType "blitz"]

1. e4 e5 2. Nf3 Nc6 3. c3 d5 4. Qa4 f6 5. Bb5 Nge7 6. exd5 Qxd5 7. O-O a6 8.
Bc4 Qd6 9. d4 e4 10. Nfd2 f5 11. Re1 Rb8 12. Qb3 Na5 13. Bf7+ Kd8 14. Qa4 Nec6
15. f3 b5 16. Qc2 Qe7 17. Bd5 e3 18. Nf1 f4 19. b4 Qd6 20. Qe4 Ne7 21. Bb3 Nxb3
22. axb3 g5 23. Qc2 Bf5 24. Qa2 Rb6 25. g3 h5 26. Na3 Bg7 27. Nc2 Re8 28. Bxe3
fxe3 29. Ncxe3 Bh3 30. Nd2 h4 31. Ne4 Qg6 32. Rad1 hxg3 33. hxg3 Rf8 34. Nf2
Bc8 35. Qe2 Rbf6 36. Kg2 Bb7 37. d5 g4 38. Nexg4 R6f7 39. Ne5 Bxe5 40. Qxe5 Nf5
41. Ne4 Re7 42. Qf4 Rff7 43. d6 Nxd6 44. Qh4 Bxe4 45. Rxe4 Kd7 46. Rxe7+ Rxe7
47. Qh3+ Kc6 48. Rd2 Nf5 49. Qh8 Ne3+ 50. Kf2 Qf7 51. Qa8+ Kb6 52. Qb8+ Kc6 53.
Qa8+ Kb6 54. Qb8+ Kc6 55. Qa8+ {Normal} 1/2-1/2

[Event "Rated Blitz game"]
[Site "?"]
[Date "2021.06.22"]
[Round "?"]
[White "Buzilo"]
[Black "BonnRainauldTibod"]
[Result "1-0"]
[WhiteElo "2432"]
[BlackElo "2379"]
[PlyCount "67"]
[EventDate "2021.??.??"]
[EventType "blitz"]

1. e4 e5 2. Nf3 Nc6 3. c3 Nf6 4. d4 Nxe4 5. d5 Nb8 6. Nxe5 Nf6 7. Bc4 Bc5 8.
O-O d6 9. Nd3 Bb6 10. Bg5 O-O 11. Qf3 Nbd7 12. Nd2 h6 13. Bh4 Re8 14. Rfe1 a6
15. Rxe8+ Qxe8 16. Re1 Qf8 17. Bb3 Nh7 18. Be7 Qe8 19. Bxd6 Qxe1+ 20. Nxe1 cxd6
21. Ne4 Ne5 22. Qg3 Bc7 23. Nf3 Ng6 24. Nd4 Nhf8 25. c4 Nd7 26. c5 Nxc5 27.
Nxc5 dxc5 28. Qxc7 cxd4 29. Qd8+ Nf8 30. d6 b5 31. d7 Bb7 32. Qe7 Ne6 33. Bxe6
fxe6 34. d8=Q+ {Normal} 1-0

[Event "Rated Blitz game"]
[Site "?"]
[Date "2021.06.22"]
[Round "?"]
[White "Baluk"]
[Black "Kostik_Burnashev"]
[Result "0-1"]
[WhiteElo "2332"]
[BlackElo "2504"]
[PlyCount "46"]
[EventDate "2021.??.??"]
[EventType "blitz"]

1. e4 e5 2. Nf3 Nc6 3. c3 d5 4. Qa4 dxe4 5. Nxe5 Nf6 6. Bb5 Bd7 7. Nxd7 Qxd7 8.
Bxc6 bxc6 9. O-O Bd6 10. d3 exd3 11. Re1+ Be7 12. Bg5 O-O 13. Nd2 h6 14. Bh4
Rab8 15. b3 Nd5 16. Rac1 Bxh4 17. Qxh4 Qf5 18. g3 Rfe8 19. Qd4 Re2 20. Rxe2
dxe2 21. Re1 Re8 22. f4 Qc2 23. Ne4 Rxe4 {Normal} 0-1

[Event "Rated Blitz game"]
[Site "?"]
[Date "2021.06.22"]
[Round "?"]
[White "Cachul"]
[Black "nanomachine"]
[Result "1-0"]
[WhiteElo "2405"]
[BlackElo "2393"]
[PlyCount "67"]
[EventDate "2021.??.??"]
[EventType "blitz"]

1. e4 e5 2. Nf3 Nc6 3. c3 Nf6 4. d4 exd4 5. e5 Nd5 6. cxd4 d6 7. Bb5 Bd7 8.
exd6 Bxd6 9. O-O O-O 10. Nc3 Nxc3 11. bxc3 Ne7 12. Bd3 Ng6 13. Re1 Bg4 14. h3
Be6 15. Ng5 Bd7 16. Qh5 h6 17. Nxf7 Rxf7 18. Qxg6 Rf6 19. Qh7+ Kf7 20. Bc4+ Be6
21. Bxe6+ Rxe6 22. Rxe6 Kxe6 23. Qxg7 Qf6 24. Qxf6+ Kxf6 25. Bxh6 Re8 26. Kf1
c5 27. Re1 Rh8 28. Be3 c4 29. Rb1 Rb8 30. Rb5 a6 31. Rb6 Ke7 32. Rxd6 Kxd6 33.
Bf4+ Kc6 34. Bxb8 {Normal} 1-0

[Event "Rated Blitz game"]
[Site "?"]
[Date "2021.06.22"]
[Round "?"]
[White "eduardo_tunguia"]
[Black "Al825SER"]
[Result "1-0"]
[WhiteElo "2405"]
[BlackElo "2242"]
[PlyCount "95"]
[EventDate "2021.??.??"]
[EventType "blitz"]

1. e4 e5 2. Nf3 Nc6 3. c3 d5 4. d3 dxe4 5. dxe4 Qxd1+ 6. Kxd1 Bc5 7. Be3 Bxe3
8. fxe3 f6 9. Kc2 Be6 10. Nbd2 O-O-O 11. Bc4 Bxc4 12. Nxc4 Nge7 13. Rad1 Rd7
14. Rxd7 Kxd7 15. Rd1+ Ke6 16. b4 Rd8 17. Rxd8 Nxd8 18. a4 b6 19. b5 c5 20. a5
bxa5 21. Nxa5 Nc8 22. Kb3 Nd6 23. Nd2 Nxb5 24. Kc4 Nd6+ 25. Kxc5 Kd7 26. c4
N8b7+ 27. Nxb7 Nxb7+ 28. Kd5 a5 29. c5 Nd8 30. Nc4 Nc6 31. Nb6+ Kc7 32. Na4 Nd8
33. g4 h6 34. h4 Kd7 35. Nb6+ Kc7 36. Na4 g6 37. Nc3 h5 38. gxh5 gxh5 39. Nb5+
Kd7 40. Na7 a4 41. c6+ Kc7 42. Nb5+ Kc8 43. Kd6 Nf7+ 44. Ke7 Nd8 45. c7 Nc6+
46. Kd6 Kb7 47. c8=Q+ Kxc8 48. Kxc6 {Normal} 1-0

[Event "Rated Blitz game"]
[Site "?"]
[Date "2021.06.22"]
[Round "?"]
[White "SWY"]
[Black "captain_flagonearth"]
[Result "0-1"]
[WhiteElo "2411"]
[BlackElo "2466"]
[PlyCount "100"]
[EventDate "2021.??.??"]
[EventType "blitz"]

1. e4 e5 2. Nf3 Nc6 3. c3 Nf6 4. d4 exd4 5. e5 Nd5 6. Qb3 Nb6 7. cxd4 Bb4+ 8.
Nc3 O-O 9. Be2 d6 10. O-O Bg4 11. a3 Bxc3 12. Qxc3 dxe5 13. dxe5 Bxf3 14. Bxf3
Qd4 15. Qc2 Nxe5 16. Bxb7 Rad8 17. Be3 Qc4 18. Rac1 Qxc2 19. Rxc2 Rd7 20. h3
Rfd8 21. Kh2 Nec4 22. Bf4 f6 23. Rfc1 c5 24. Bc6 Rd4 25. Bb5 Rxf4 26. Bxc4+
Nxc4 27. Rxc4 Rxc4 28. Rxc4 Rd2 29. Rxc5 Rxb2 30. Ra5 Rxf2 31. Rxa7 Ra2 32. Kg3
h5 33. Kf3 Kh7 34. h4 Kh6 35. Kf4 Rxg2 36. a4 Ra2 37. a5 g5+ 38. hxg5+ fxg5+
39. Kf5 Rf2+ 40. Ke5 h4 41. a6 Ra2 42. Kd5 Kh5 43. Ra8 Kg4 44. Kc6 h3 45. Kb7
Kg3 46. Rh8 g4 47. a7 Kg2 48. Rg8 g3 49. Rg6 Rxa7+ 50. Kxa7 h2 {Normal} 0-1

[Event "Rated Blitz game"]
[Site "?"]
[Date "2021.06.22"]
[Round "?"]
[White "BirdSetFree7"]
[Black "Vampilu"]
[Result "1-0"]
[WhiteElo "2469"]
[BlackElo "2488"]
[PlyCount "101"]
[EventDate "2021.??.??"]
[EventType "blitz"]

1. e4 e5 2. Nf3 Nc6 3. c3 f5 4. exf5 d5 5. Bb5 Bd6 6. d4 e4 7. Ne5 Bxe5 8. Qh5+
Kf8 9. dxe5 Nxe5 10. Bf4 Nf6 11. Qh3 Nf7 12. O-O Bd7 13. Be2 h5 14. Rd1 Qc8 15.
c4 Bxf5 16. Qa3+ Kg8 17. cxd5 Bg4 18. Nc3 Bxe2 19. Nxe2 Qg4 20. Qe3 Rd8 21. Nc3
Rd7 22. Rd4 Nd6 23. h3 Qf5 24. Re1 Kh7 25. Bxd6 Rxd6 26. Nxe4 Nxe4 27. Qxe4
Qxe4 28. Rexe4 Rhd8 29. Re7 R8d7 30. Rxd7 Rxd7 31. Rc4 Rxd5 32. Rxc7 Rb5 33. b3
Kg6 34. g3 Kf6 35. Kg2 a5 36. Kf3 g5 37. Kg2 b6 38. Rc6+ Kf5 39. Kf3 g4+ 40.
hxg4+ hxg4+ 41. Ke3 a4 42. bxa4 Rb4 43. Rc3 Re4+ 44. Kd3 Rxa4 45. a3 Kg5 46.
Rb3 Ra6 47. Ke3 Kf5 48. Rb5+ Kf6 49. Kf4 Ra4+ 50. Rb4 Rxb4+ 51. axb4 {Time
forfeit} 1-0

[Event "Rated Blitz game"]
[Site "?"]
[Date "2021.06.22"]
[Round "?"]
[White "Buzilo"]
[Black "MrBigBob"]
[Result "0-1"]
[WhiteElo "2431"]
[BlackElo "2307"]
[PlyCount "80"]
[EventDate "2021.??.??"]
[EventType "blitz"]

1. e4 e5 2. Nf3 Nc6 3. c3 Nf6 4. d4 exd4 5. e5 Ne4 6. cxd4 d5 7. Bb5 Be7 8. Nc3
O-O 9. O-O f6 10. Re1 fxe5 11. Nxe4 dxe4 12. Bxc6 exf3 13. Bxf3 exd4 14. Qb3+
Kh8 15. Bd2 Bd6 16. Rad1 Qf6 17. Qd5 c6 18. Qh5 Bf5 19. Bg5 Qf7 20. Qxf7 Rxf7
21. Rxd4 Bc5 22. Rd2 Bb4 23. Red1 Bxd2 24. Rxd2 Rd7 25. Kf1 Rxd2 26. Bxd2 Re8
27. Be3 Be6 28. a3 Bd5 29. Bxd5 cxd5 30. Bxa7 Kg8 31. Be3 b5 32. g3 Kf7 33. Bd4
Re4 34. Bc3 d4 35. Bd2 d3 36. Be3 Rc4 37. Ke1 Rc2 38. b3 Ke6 39. a4 bxa4 40.
bxa4 Ra2 {Normal} 0-1

[Event "Rated Blitz game"]
[Site "?"]
[Date "2021.06.22"]
[Round "?"]
[White "Buzilo"]
[Black "setiaw4n_teg4l"]
[Result "1-0"]
[WhiteElo "2416"]
[BlackElo "2347"]
[PlyCount "79"]
[EventDate "2021.??.??"]
[EventType "blitz"]

1. e4 e5 2. Nf3 Nc6 3. c3 Nf6 4. d4 exd4 5. e5 Ne4 6. cxd4 d5 7. Bb5 Be7 8. Nc3
O-O 9. Bxc6 bxc6 10. O-O f5 11. Na4 Be6 12. Qc2 Qe8 13. Nc5 Bxc5 14. dxc5 h6
15. Nd4 Qd7 16. f3 Ng5 17. Qa4 Nf7 18. Qxc6 Qxc6 19. Nxc6 Rfe8 20. f4 Nd8 21.
Nd4 c6 22. Bd2 Rb8 23. b4 Kh7 24. Rfc1 Bd7 25. a4 a6 26. b5 axb5 27. axb5 cxb5
28. c6 Nxc6 29. Nxc6 Bxc6 30. Rxc6 Red8 31. Rd6 b4 32. Rxd8 Rxd8 33. Bxb4 d4
34. e6 Re8 35. e7 Kg6 36. Rd1 Kf7 37. Rxd4 g5 38. Rd8 gxf4 39. Rxe8 Kxe8 40.
Kf2 {Normal} 1-0

[Event "Rated Blitz game"]
[Site "?"]
[Date "2021.06.22"]
[Round "?"]
[White "bkara"]
[Black "begeisterungsfahig"]
[Result "1-0"]
[WhiteElo "2531"]
[BlackElo "2487"]
[PlyCount "49"]
[EventDate "2021.??.??"]
[EventType "blitz"]

1. e4 e5 2. Nf3 Nc6 3. c3 d5 4. Qa4 f6 5. Bb5 Nge7 6. exd5 Qxd5 7. O-O Bd7 8.
d4 a6 9. c4 Qe4 10. Nc3 Qg4 11. d5 Nb8 12. Re1 Nc8 13. Bxd7+ Qxd7 14. Qb3 b6
15. Nd4 Bd6 16. Ne6 Kf7 17. f4 exf4 18. Ne4 Re8 19. Nxd6+ Nxd6 20. Bxf4 a5 21.
Qg3 Kg8 22. Nxc7 Rxe1+ 23. Rxe1 Qxc7 24. Bxd6 Qc8 25. Re7 {Time forfeit} 1-0

[Event "Rated Blitz game"]
[Site "?"]
[Date "2021.06.22"]
[Round "?"]
[White "mandarria"]
[Black "Bierpower"]
[Result "0-1"]
[WhiteElo "2413"]
[BlackElo "2470"]
[PlyCount "108"]
[EventDate "2021.??.??"]
[EventType "blitz"]

1. e4 e5 2. Nf3 Nc6 3. c3 f5 4. d3 Nf6 5. Nbd2 Bc5 6. Be2 d6 7. O-O O-O 8. b4
Bb6 9. a4 a6 10. a5 Ba7 11. h3 Qe8 12. Nh4 fxe4 13. Nxe4 Nd5 14. Qb3 Be6 15.
Ng5 Kh8 16. Nxe6 Qxe6 17. Bf3 Nf4 18. Qxe6 Nxe6 19. Be3 Bxe3 20. fxe3 Rab8 21.
Bxc6 bxc6 22. Nf5 Rf7 23. Rf2 c5 24. bxc5 Nxc5 25. Rd1 Rbf8 26. Rdf1 Nxd3 27.
Rf3 g6 28. Nh4 Rxf3 29. gxf3 Rb8 30. Rd1 Nc5 31. Ng2 Rb3 32. Rc1 Ra3 33. e4
Rxa5 34. Ne3 Nd3 35. Rf1 Rc5 36. c4 a5 37. Rb1 Nb4 38. Ra1 Nc6 39. Rb1 a4 40.
Rb7 Nd4 41. Ra7 Nb3 42. Kf2 Nd2 43. Rxa4 Kg7 44. Ra7 Nxc4 45. Nd5 Kh6 46. Nxc7
Nd2 47. Ne6 Rb5 48. Nf8 g5 49. h4 gxh4 50. Rxh7+ Kg5 51. Rg7+ Kf6 52. Ke3 Kxg7
53. Ne6+ Kf6 54. Nc7 Rb3+ {Time forfeit} 0-1

[Event "Rated Blitz game"]
[Site "?"]
[Date "2021.06.22"]
[Round "?"]
[White "wader51"]
[Black "RangyAngularity"]
[Result "1-0"]
[WhiteElo "2435"]
[BlackElo "2379"]
[PlyCount "111"]
[EventDate "2021.??.??"]
[EventType "blitz"]

1. e4 e5 2. Nf3 Nc6 3. c3 Nf6 4. d4 exd4 5. e5 Nd5 6. cxd4 Bb4+ 7. Bd2 Qe7 8.
Nc3 Bxc3 9. bxc3 O-O 10. Be2 d6 11. exd6 Qxd6 12. O-O Bg4 13. c4 Nf4 14. d5 Ne7
15. h3 Bh5 16. Re1 Nxe2+ 17. Qxe2 Rae8 18. Rab1 b6 19. Bb4 Qg6 20. Bxe7 Bxf3
21. Qxf3 Rxe7 22. Rxe7 Qxb1+ 23. Kh2 Qxa2 24. Rxc7 g6 25. Qf6 b5 26. d6 bxc4
27. d7 Qd2 28. g3 c3 29. Kg2 c2 30. Qc6 Kg7 31. Rc8 c1=Q 32. Qxc1 Qxd7 33. Qc3+
Kg8 34. Rc7 Qd5+ 35. Kh2 Ra8 36. h4 a5 37. Rc8+ Rxc8 38. Qxc8+ Kg7 39. Qa6 Qc5
40. Kg2 Qb4 41. h5 a4 42. Qe2 Qd4 43. Qf3 gxh5 44. Qxh5 a3 45. Qg5+ Kf8 46.
Qh6+ Ke7 47. Qg5+ Ke6 48. Qg8 Qd5+ 49. Kh2 a2 50. Qe8+ Kf6 51. Qh8+ Ke6 52. Qb2
Kd6 53. Qc3 Ke6 54. Qe3+ Kd6 55. Qa3+ Ke6 56. Qb2 {Time forfeit} 1-0

[Event "Rated Rapid game"]
[Site "?"]
[Date "2021.06.22"]
[Round "?"]
[White "Avengers688"]
[Black "Indianarmy123"]
[Result "0-1"]
[WhiteElo "2451"]
[BlackElo "2341"]
[PlyCount "122"]
[EventDate "2021.??.??"]
[EventType "rapid"]

1. e4 e5 2. Nf3 Nc6 3. c3 Bc5 4. d4 exd4 5. cxd4 Bb4+ 6. Bd2 Bxd2+ 7. Qxd2 d6
8. Nc3 Bg4 9. Be2 Qf6 10. Nd5 Qd8 11. Rc1 Nf6 12. Nc3 d5 13. exd5 Nxd5 14. O-O
O-O 15. h3 Bh5 16. Rfe1 Re8 17. g4 Bg6 18. Bf1 Qd6 19. Nb5 Qf6 20. Bg2 a6 21.
Nc3 Nf4 22. Bf1 Nxh3+ 23. Bxh3 Qxf3 24. Bg2 Qxg4 25. d5 Ne5 26. Qe3 f6 27. Qg3
Qxg3 28. fxg3 Nd3 29. Rxe8+ Rxe8 30. Rc2 Re1+ 31. Kh2 Nc5 32. Rd2 Ne4 33. Nxe4
Bxe4 34. Bxe4 Rxe4 35. Rc2 Re7 36. Kg2 Rd7 37. Kf3 Kf7 38. Ke4 f5+ 39. Ke5 g6
40. Rh2 Re7+ 41. Kd4 Kf6 42. Kc5 g5 43. b4 f4 44. gxf4 gxf4 45. d6 cxd6+ 46.
Kxd6 Rg7 47. Rh5 Kg6 48. Rh1 f3 49. Rg1+ Kf6 50. Rf1 Rg3 51. Kd5 Kf5 52. Kd4
Kf4 53. Kd3 h5 54. a4 h4 55. b5 axb5 56. axb5 h3 57. Ra1 Rg2 58. Ra4+ Kg3 59.
Ra8 h2 60. Rg8+ Kf2 61. Rh8 Kg1 {Normal} 0-1

[Event "Rated Blitz game"]
[Site "?"]
[Date "2021.06.22"]
[Round "?"]
[White "Zadokhlik"]
[Black "Simplychess92"]
[Result "1-0"]
[WhiteElo "2420"]
[BlackElo "2406"]
[PlyCount "69"]
[EventDate "2021.??.??"]
[EventType "blitz"]

1. e4 e5 2. Nf3 Nc6 3. c3 Nf6 4. d3 d5 5. Nbd2 Bc5 6. Be2 O-O 7. b4 Bd6 8. Bb2
Ne7 9. O-O Ng6 10. Re1 Nf4 11. Bf1 N6h5 12. exd5 Qf6 13. Ne4 Qg6 14. Ng3 Bg4
15. h3 Nxg3 16. fxg3 Bxf3 17. Qxf3 Nh5 18. g4 Nf6 19. c4 Rae8 20. c5 e4 21.
dxe4 Be5 22. Bxe5 Rxe5 23. Bd3 Rfe8 24. Re2 Nxe4 25. Rae1 Nd2 26. Rxe5 Nxf3+
27. gxf3 Rxe5 28. Rxe5 f6 29. Bxg6 fxe5 30. d6 cxd6 31. cxd6 Kf8 32. Bxh7 Ke8
33. Bf5 g6 34. Be6 g5 35. Kf2 {Normal} 1-0

[Event "Rated Blitz game"]
[Site "?"]
[Date "2021.06.22"]
[Round "?"]
[White "wader51"]
[Black "najull"]
[Result "1-0"]
[WhiteElo "2440"]
[BlackElo "2305"]
[PlyCount "47"]
[EventDate "2021.??.??"]
[EventType "blitz"]

1. e4 e5 2. Nf3 Nc6 3. c3 Nf6 4. d4 Nxe4 5. d5 Bc5 6. dxc6 Bxf2+ 7. Ke2 bxc6 8.
Qa4 f5 9. Be3 Bxe3 10. Kxe3 O-O 11. Nbd2 d5 12. Ba6 Nc5 13. Qxc6 Nxa6 14. Qxa8
e4 15. Rad1 f4+ 16. Ke2 exf3+ 17. Nxf3 Qe7+ 18. Kf1 Re8 19. Qxd5+ Be6 20. Qd4
Kh8 21. Kf2 c5 22. Qd6 Qf6 23. Qxa6 Qf5 24. Rhe1 {Normal} 1-0

[Event "Rated Blitz game"]
[Site "?"]
[Date "2021.06.22"]
[Round "?"]
[White "vrama"]
[Black "Tw1nkletoesss"]
[Result "1-0"]
[WhiteElo "2436"]
[BlackElo "2211"]
[PlyCount "63"]
[EventDate "2021.??.??"]
[EventType "blitz"]

1. e4 e5 2. Nf3 Nc6 3. c3 d5 4. Qa4 Qd6 5. d3 Bd7 6. exd5 Qxd5 7. Qb3 Nf6 8.
Qxb7 Rb8 9. Qa6 Rb6 10. Qc4 Qxc4 11. dxc4 a5 12. Nbd2 Bc5 13. Bd3 O-O 14. O-O
a4 15. Re1 Re8 16. b4 axb3 17. axb3 Rbb8 18. b4 Bf8 19. b5 e4 20. Nxe4 Nxe4 21.
Bxe4 Nd8 22. Bg5 f6 23. Bd5+ Kh8 24. Bf4 Ne6 25. Bg3 Bd6 26. Bxd6 cxd6 27. Nd4
Nc5 28. Rxe8+ Rxe8 29. Bc6 Bxc6 30. Nxc6 Kg8 31. b6 Nd7 32. b7 {Normal} 1-0

[Event "Rated Blitz game"]
[Site "?"]
[Date "2021.06.22"]
[Round "?"]
[White "Baluk"]
[Black "justus789"]
[Result "1/2-1/2"]
[WhiteElo "2361"]
[BlackElo "2440"]
[PlyCount "128"]
[EventDate "2021.??.??"]
[EventType "blitz"]

1. e4 e5 2. Nf3 Nc6 3. c3 Nf6 4. d4 Nxe4 5. d5 Bc5 6. Be3 Bxe3 7. fxe3 Ne7 8.
Nxe5 O-O 9. Bd3 Nf6 10. e4 Re8 11. O-O Nexd5 12. exd5 Rxe5 13. c4 d6 14. Nc3
Bg4 15. Qd2 Bh5 16. Qf4 Qe7 17. h3 Re8 18. Bc2 Bg6 19. Bxg6 hxg6 20. a4 Rf5 21.
Qg3 Qe3+ 22. Qxe3 Rxe3 23. Rxf5 gxf5 24. Nb5 Rb3 25. Ra2 a6 26. Nd4 Rb4 27. b3
Nxd5 28. Nxf5 g6 29. Nxd6 cxd6 30. cxd5 Rxb3 31. Kf2 Rd3 32. Rb2 Rxd5 33. Rxb7
Ra5 34. Rb6 d5 35. Kg3 Rxa4 36. Kf3 Kg7 37. Ke3 Re4+ 38. Kd3 Re6 39. Rb7 Kf6
40. Kd4 Re4+ 41. Kxd5 Re2 42. Rb6+ Kf5 43. g4+ Kf4 44. Rxa6 Kg3 45. Rf6 Rf2 46.
Rb6 Kxh3 47. g5 Kg4 48. Rb5 Rf5+ 49. Kc6 Rxb5 50. Kxb5 Kxg5 51. Kc4 f5 52. Kd3
f4 53. Ke2 Kf5 54. Kf1 g5 55. Kg1 g4 56. Kf1 Kg5 57. Kg1 Kh4 58. Kf1 f3 59. Kg1
g3 60. Kf1 Kg4 61. Kg1 Kf4 62. Kf1 Ke3 63. Kg1 f2+ 64. Kf1 Kf3 {Normal} 1/2-1/2

[Event "Rated Blitz game"]
[Site "?"]
[Date "2021.06.22"]
[Round "?"]
[White "Mountain_Hiker"]
[Black "Mudrik52"]
[Result "0-1"]
[WhiteElo "2473"]
[BlackElo "2514"]
[PlyCount "66"]
[EventDate "2021.??.??"]
[EventType "blitz"]

1. e4 e5 2. Nf3 Nc6 3. c3 Nf6 4. d4 exd4 5. e5 Ne4 6. Qe2 Nc5 7. cxd4 Ne6 8. d5
Ncd4 9. Nxd4 Nxd4 10. Qe4 c5 11. Nc3 b6 12. Bd3 Bb7 13. O-O Be7 14. Be3 d6 15.
f4 g6 16. Kh1 O-O 17. Bxd4 cxd4 18. Qxd4 dxe5 19. fxe5 Bc5 20. Qe4 Qg5 21. b4
Be7 22. Ne2 Rad8 23. Nf4 Rfe8 24. Rae1 Bd6 25. e6 f5 26. Qd4 Bxf4 27. Bc4 Bd6
28. a3 Qh5 29. h3 Qg5 30. Rf3 Rc8 31. Bb3 Rc1 32. Rfe3 Rxe1+ 33. Rxe1 Qg3 {
Normal} 0-1

[Event "Lobanov Memorial 2021"]
[Site "Sochi RUS"]
[Date "2021.06.21"]
[Round "7.4"]
[White "Khruschiov, A."]
[Black "Nesterov, Arseniy"]
[Result "1/2-1/2"]
[WhiteElo "2382"]
[BlackElo "2479"]
[PlyCount "170"]
[EventDate "2021.06.15"]
[SourceTitle "The Week in Chess 1389"]
[Source "Mark Crowther"]
[SourceDate "2021.06.21"]
[SourceVersion "1"]
[SourceVersionDate "2021.06.21"]
[SourceQuality "2"]

1. e4 e5 2. Nf3 Nc6 3. c3 d5 4. d3 Nf6 5. Nbd2 a5 6. Be2 Bc5 7. O-O O-O 8. b3
Qe7 9. a3 Rd8 10. Qc2 d4 11. c4 Ra6 12. Ne1 Ne8 13. Qd1 Nd6 14. Bg4 Bxg4 15.
Qxg4 b5 16. f4 bxc4 17. bxc4 exf4 18. Ndf3 Qe6 19. Qh5 Nb7 20. Bxf4 Qg6 21. Qh3
Bd6 22. Nh4 Qe6 23. Nf5 Bxf4 24. Rxf4 Ne5 25. Nf3 Nxf3+ 26. Qxf3 Qe5 27. Rf1
Rf8 28. Qh5 Kh8 29. Nxg7 Qxh5 30. Nxh5 Nc5 31. Rxf7 Rxf7 32. Rxf7 Kg8 33. Rxc7
Nxd3 34. Rd7 Ne5 35. Rxd4 Rc6 36. a4 Rxc4 37. Rd5 Nc6 38. Rd7 h6 39. Kf2 Rxa4
40. Ke3 Ne5 41. Nf6+ Kf8 42. Ra7 Rb4 43. Kf4 Ng6+ 44. Kg4 Rb2 45. g3 Rf2 46.
Nd7+ Ke8 47. h4 Rf7 48. Ra6 Rg7 49. Kh5 Rxd7 50. Kxg6 Rd3 51. g4 Re3 52. Kf5
Rf3+ 53. Ke5 h5 54. g5 Kf7 55. Rh6 Kg7 56. Rxh5 Rf7 57. Rh6 Ra7 58. Rd6 a4 59.
h5 a3 60. Rd1 a2 61. Ra1 Ra5+ 62. Kf4 Kf7 63. Kg4 Ra6 64. Kf5 Ra3 65. e5 Rf3+
66. Kg4 Ra3 67. Kf4 Kg7 68. Kf5 Rf3+ 69. Ke6 Ra3 70. g6 Ra6+ 71. Kf5 Ra3 72.
Kg5 Rg3+ 73. Kf4 Rg2 74. Kf5 Rf2+ 75. Ke6 Rb2 76. Kd6 Rb6+ 77. Kd7 Rb7+ 78. Kc6
Ra7 79. e6 Kf6 80. Rf1+ Kg7 81. Ra1 Kf6 82. e7 Kxe7 83. g7 Kf7 84. h6 Ra6+ 85.
Kb7 Rxh6 1/2-1/2

[Event "Junior Speed Q Americas"]
[Site "chess.com INT"]
[Date "2021.06.21"]
[Round "2.8"]
[White "Yoo, Christopher Woojin"]
[Black "Jacobson, Brandon"]
[Result "1-0"]
[WhiteElo "2457"]
[BlackElo "2491"]
[PlyCount "43"]
[EventDate "2021.06.21"]
[SourceTitle "The Week in Chess 1390"]
[Source "Mark Crowther"]
[SourceDate "2021.06.28"]
[SourceVersion "2"]
[SourceVersionDate "2021.06.28"]
[SourceQuality "2"]

1. e4 e5 2. Nf3 Nc6 3. c3 d5 4. Qa4 f6 5. d3 Nge7 6. Be3 Be6 7. Nbd2 Qd7 8. Be2
g5 9. h3 Ng6 10. exd5 Bxd5 11. Ne4 Be7 12. c4 Bxe4 13. dxe4 Nf4 14. Bxf4 gxf4
15. Rd1 Qe6 16. Qb5 Rb8 17. Qd5 Nd8 18. Nh4 c6 19. Qd3 Bc5 20. Bh5+ Kf8 21. Nf5
Rg8 22. Qxd8+ 1-0

[Event "Rated Rapid game"]
[Site "?"]
[Date "2021.06.21"]
[Round "?"]
[White "Avengers688"]
[Black "idsktj"]
[Result "1-0"]
[WhiteElo "2417"]
[BlackElo "2339"]
[PlyCount "37"]
[EventDate "2021.??.??"]
[EventType "rapid"]

1. e4 e5 2. Nf3 Nc6 3. c3 d5 4. Qa4 dxe4 5. Nxe5 Bd7 6. Nxd7 Qxd7 7. Qxe4+ Be7
8. d4 Nf6 9. Qc2 O-O 10. Bd3 Nxd4 11. cxd4 Bb4+ 12. Nc3 Rfe8+ 13. Be3 Qxd4 14.
O-O Rxe3 15. fxe3 Qxe3+ 16. Kh1 Rd8 17. Rad1 Ng4 18. Bxh7+ Kh8 19. Rxd8+ {
Normal} 1-0

[Event "Rated Blitz game"]
[Site "?"]
[Date "2021.06.21"]
[Round "?"]
[White "Ryba-Kit"]
[Black "klotera"]
[Result "0-1"]
[WhiteElo "2267"]
[BlackElo "2444"]
[PlyCount "74"]
[EventDate "2021.??.??"]
[EventType "blitz"]

1. e4 e5 2. Nf3 Nc6 3. c3 Nf6 4. d4 d6 5. Bb5 Bd7 6. O-O Nxe4 7. Re1 Nf6 8.
dxe5 Nxe5 9. Nxe5 dxe5 10. Rxe5+ Be7 11. Qe2 Bxb5 12. Qxb5+ Qd7 13. Qxd7+ Kxd7
14. Bg5 Rhe8 15. Nd2 h6 16. Bh4 g5 17. Bg3 Bd6 18. Rxe8 Rxe8 19. Kf1 h5 20. Re1
Rxe1+ 21. Kxe1 h4 22. Bxd6 Kxd6 23. h3 Kd5 24. Ke2 Ne4 25. Nf3 c5 26. Ke3 f5
27. Nd2 Nxd2 28. Kxd2 Ke4 29. Ke2 g4 30. a4 c4 31. a5 Kf4 32. Ke1 gxh3 33. gxh3
Kf3 34. Kf1 f4 35. Kg1 Ke2 36. Kg2 f3+ 37. Kg1 Ke1 {Time forfeit} 0-1

[Event "Rated Blitz game"]
[Site "?"]
[Date "2021.06.21"]
[Round "?"]
[White "eduardo_tunguia"]
[Black "vovchik39"]
[Result "1-0"]
[WhiteElo "2409"]
[BlackElo "2345"]
[PlyCount "85"]
[EventDate "2021.??.??"]
[EventType "blitz"]

1. e4 e5 2. Nf3 Nc6 3. c3 Nf6 4. d3 d5 5. Qc2 Bc5 6. Be2 dxe4 7. dxe4 O-O 8.
O-O a5 9. h3 h6 10. Be3 Bxe3 11. fxe3 Qe7 12. Nbd2 Qc5 13. Kf2 Be6 14. Rfd1 Nh5
15. Nf1 Nf4 16. Kg1 Rad8 17. Kh2 Nb4 18. Qa4 Nxe2 19. cxb4 axb4 20. Rxd8 Rxd8
21. Re1 Nc1 22. Rd1 Rxd1 23. Qxd1 Nxa2 24. Qd8+ Kh7 25. Qh4 f6 26. Qf2 Nc1 27.
Qd2 Nb3 28. Qd8 Na5 29. Nh4 Nc6 30. Qe8 Qe7 31. Qg6+ Kg8 32. Nf5 Bxf5 33. Qxf5
Qd8 34. Ng3 Ne7 35. Qe6+ Kf8 36. Qb3 c5 37. Nh5 Qd6 38. Qa4 Qc6 39. Qa8+ Qc8
40. Qa4 Kg8 41. Qb5 Kh7 42. Qc4 Qc6 43. Qf7 {Normal} 1-0

[Event "Rated Blitz game"]
[Site "?"]
[Date "2021.06.21"]
[Round "?"]
[White "mandarria"]
[Black "nimamideje"]
[Result "0-1"]
[WhiteElo "2519"]
[BlackElo "2678"]
[PlyCount "80"]
[EventDate "2021.??.??"]
[EventType "blitz"]

1. e4 e5 2. Nf3 Nc6 3. c3 Nf6 4. d4 d6 5. Bb5 Bd7 6. Qe2 Qe7 7. d5 Nb8 8. Bxd7+
Nbxd7 9. c4 g6 10. O-O Bg7 11. Nc3 O-O 12. Ne1 Nh5 13. Nd3 f5 14. g3 f4 15. Qg4
Ndf6 16. Qh3 f3 17. c5 h6 18. Be3 g5 19. cxd6 cxd6 20. Qe6+ Qxe6 21. dxe6 a6
22. Nb4 Rfe8 23. Nbd5 Rac8 24. Rac1 Rxe6 25. Na4 Rxc1 26. Rxc1 Nxe4 27. Rc7
Nhf6 28. Nxf6+ Nxf6 29. Rxb7 d5 30. Nc5 Rc6 31. b4 d4 32. Bd2 Nd5 33. a4 Bf8
34. Rb8 Kf7 35. Kf1 Bxc5 36. bxc5 Rxc5 37. Ke1 Rc4 38. Kd1 Rxa4 39. Rb7+ Ke6
40. Kc2 Ra2+ {Time forfeit} 0-1

[Event "Rated Rapid game"]
[Site "?"]
[Date "2021.06.21"]
[Round "?"]
[White "Ultra_milk"]
[Black "YuryKuznetsov"]
[Result "0-1"]
[WhiteElo "2314"]
[BlackElo "2408"]
[PlyCount "36"]
[EventDate "2021.??.??"]
[EventType "rapid"]

1. e4 e5 2. Nf3 Nc6 3. c3 Nf6 4. d4 exd4 5. e5 Nd5 6. cxd4 Bb4+ 7. Bd2 O-O 8.
Bc4 Nb6 9. Bb5 d5 10. Bxc6 Bxd2+ 11. Qxd2 bxc6 12. h3 Rb8 13. b3 Ba6 14. Nc3 f6
15. Na4 Nxa4 16. bxa4 Qe7 17. Rc1 Qa3 18. Rxc6 Rb1+ {Normal} 0-1

[Event "Rated Blitz game"]
[Site "?"]
[Date "2021.06.21"]
[Round "?"]
[White "Baluk"]
[Black "Jadoubovic11"]
[Result "0-1"]
[WhiteElo "2373"]
[BlackElo "2403"]
[PlyCount "80"]
[EventDate "2021.??.??"]
[EventType "blitz"]

1. e4 e5 2. Nf3 Nc6 3. c3 Qe7 4. Be2 d6 5. O-O g6 6. Re1 Bg7 7. Bf1 Nh6 8. h3
f6 9. d4 Nf7 10. Nbd2 O-O 11. Nc4 Kh8 12. a4 Bd7 13. a5 a6 14. Bd2 Ng5 15. Nxg5
fxg5 16. Be3 Rae8 17. d5 Nd8 18. b4 h5 19. Na3 g4 20. hxg4 Bxg4 21. Be2 Bc8 22.
c4 Bf6 23. c5 Bg5 24. cxd6 cxd6 25. Qd2 Nf7 26. Rac1 Bxe3 27. Qxe3 Ng5 28. b5
Rf4 29. b6 Rxe4 30. Qg3 h4 31. Qh2 Rf8 32. f3 Ref4 33. Rc7 Qf6 34. Nc2 e4 35.
Ne3 Qd4 36. Bf1 exf3 37. Kh1 f2 38. Re2 Ne4 39. Rc4 Ng3+ 40. Qxg3 hxg3 {
Time forfeit} 0-1